Dates de règne des rois de France. - Statistiques

Statistiques générales
  • Ce quiz a été pris 585 fois
  • Le résultat moyen est 25 sur 70
Statistiques - réponses
Réponse % Correct
1792
81%
Louis XV Le Bien-Aimé 1715
80%
1830
75%
Louis XVIII 1814
73%
Louis XIV Le Grand 1643
72%
François Ier 1515
71%
Louis XIII Le Juste 1610
70%
Charles X 1824
69%
Louis XVI 1774
65%
Henri IV Le Grand 1589
62%
François II 1559
57%
Henri II 1547
56%
Henri III 1574
56%
Charles IX 1560
54%
Clovis Ier 481
54%
Hugues Capet 987
52%
Louis Ier Le Pieux 814
50%
511
47%
Philippe III Le Hardi 1270
46%
Louis XII 1498
46%
Louis X Le Hutin 1314
45%
Jean Ier Le Posthume 1316
45%
Philippe V Le Long 1316
45%
Louis VIII Le Lion 1223
44%
Louis IX 1226
43%
Charles IV Le Bel 1322
40%
Philippe VI 1328
39%
Carloman Ier 768
38%
Charles Ier Charlemagne 768
38%
Philippe II Auguste 1180
37%
Charles VIII 1483
37%
Philippe IV Le Bel 1285
36%
Jean II Le Bon 1350
35%
Charles VII Le Victorieux 1422
35%
Charles V Le Sage 1364
34%
Louis XI 1461
34%
Charles VI Le Fol 1380
33%
Robert II Le Pieux 996
33%
Pépin III Le Bref 751
30%
Henri Ier 1031
28%
Charles II Le Chauve 840
27%
Louis VI Le Gros 1108
26%
Louis VII Le Jeune 1137
26%
Philippe Ier 1060
23%
561
22%
Charles III Le Simple 898
22%
Louis V 986
22%
Clotaire Ier 558
21%
Dagobert Ier 629
21%
Eudes 887
21%
Charles III Le Gros 884
20%
Clotaire II 613
19%
Clovis II 639
19%
Childéric III 743
19%
Louis III 879
19%
Carloman II 879
19%
Robert Ier 922
19%
Raoul 923
19%
Lothaire 954
18%
Dagobert III 711
17%
Louis II Le Bègue 877
17%
Louis IV 936
17%
737
16%
Chilpéric II 715
14%
Thierry IV 721
14%
Childéric II 673
13%
Thierry III 675
13%
Clovis IV 691
13%
Childebert III 695
13%
Clotaire III 657
12%
Aucun quiz correspondant
Distribution des résultats
% des personnes avec chaque résultat
Percentile par nombre de réponses
Votre historique - résultats
Vous n’avez pas pris ce quiz